| 000 | 00418nam a2200157Ia 4500 | ||
|---|---|---|---|
| 008 | 210716s2009 xx 000 0 und d | ||
| 020 | _a97800671072 | ||
| 041 | _aeng | ||
| 082 | _a174.4 DESJ | ||
| 100 | _aDesjardins, Joseph. | ||
| 245 | _aIntroduction to business ethics. | ||
| 250 | _a2 | ||
| 260 |
_aNew Delhi _bTata McGraw Hill Publishing Company Ltd _c2009 |
||
| 300 | _axiii,110 | ||
| 650 | _aBusiness Ethics | ||
| 999 |
_c204809 _d204809 |
||